000 01093nam a2200337 i 4500
001 000047623
003 DO-SdBNP
005 20250905133216.0
007 ta
008 110318s2017 dr r 000 0 spa d
020 _z9993494402
040 _aDO-SdBNP
_bspa
_cBNPHU
_erda
041 _aspa
082 4 _aRD863.3
_bB719m, 2017
_222
100 1 _aBonó, Pedro Francisco,
_d1828-1906
_91351
_eautor
_4aut.
245 1 3 _aEl montero /
_cPedro Francisco Bonó ; prólogo, Raymundo González.
264 1 _aSanto Domingo :
_bEditora Búho,
_c2017.
300 _a101 páginas ;
_c24 cm.
336 _atexto
_btxt
_2rdacontent
337 _asin mediación
_bn
_2rdamedia
338 _avolumen
_bnc
_2rdacarrier
490 _aColección Clásicos dominicanos ;
490 1 _aSerie Narrativa
_vI
500 _aIncluye datos biográficos del autor en la solapa de la cubierta
590 _aInventariado, 2018/ YL
650 0 _aNovela dominicana
_9223
650 0 _aLiteratura dominicana.
_967
700 _aGonzález, Raymundo
_eprólogo
_96373
_4pr.
910 _aYLockward
942 _2ddc
_cLBS1
999 _c47111
_d47111